LEADER 01458nam a2200277 i 4500 001 000000117074 003 CaOOAMICUS 005 20030711000000.0 008 030711s1989 it u000 u ita u 013 $a89763 040 $aSeMil$bita 100 1 $aRocca, Mafaldina.$0(OLS)http://semarc/name/48840 240 03$aIl cardinale Marcantonio Barbarigo.$0(OLS)http://semarc/title/171802 245 13$aIl Cardinale Marcantonio Barbarigo, Vescovo di Montefiascone e Corneto, 1687-1706 :$btra Riforma e Pastorale di impegno /$cMafaldina Rocca. 246 04$iTitolo in copertina:$aIl cardinale Marcantonio Barbarigo 260 $aRoma :$bPontificio Istituto Maestre Pie Filippini,$c1989 (stampa 1990) 300 $a234 p., [18] c. di tav., [1] c. di ritr. ;$c22 cm. 500 $aContiene : Bibliografia. - Fondo Card. C.M. Martini. 600 14$aBarbarigo, Marcantonio .$0(OLS)http://semarc/subject/21636 850 $aSeMil 852 $aSeMil$W1$xVenegono$y1$m3D IV 109$j72474$B72474$CSeMilBibl$Z2$F90111 $81 941 1 $a4 961 $aOmaggio: Martini Card. Carlo Maria 996 $6245$aIl Cardinale Marcantonio Barbarigo, Vescovo di Montefiascone e Corneto, 1687-1706 :$btra Riforma e Pastorale di impegno$9(OLS)http://semarc/title/171801 996 $6246$aIl cardinale Marcantonio Barbarigo$9(OLS)http://semarc/title/171802 996 $6260$aRoma :$bPontificio Istituto Maestre Pie Filippini$9(OLS)http://semarc/publisher/36074 LEADER 00969nam a2200241 4500 001 000000366379 003 CaOOAMICUS 005 20260211124635.0 008 260211s1919 it 000 u ita r 040 $aSeMil$bita 100 1 $aFrontinus, Sextus Iulius,$d.$0(OLS)http://semarc/name/65488 245 14$aGli stratagemmi /$cGiulio Frontino ; traduzione di Roberto Ponzio Vaglia. 264 1$aMilano :$bSonzogno,$c1919. 300 $a190 p. ;$c17 cm 490 1 $aBiblioteca universale ;$v503-504 650 4$aArte militare.$0(OLS)http://semarc/subject/59534 830 0$aBiblioteca Universale ;$v503-504.$0(OLS)http://semarc/title/42923 850 $aSeMil 852 $aSeMil$W1$xVenegono$y1$m3S I 130$j267129$B257124$CSeMilBibl$Z2$F257124 $81 961 $aFamiglia Ravenna - Omaggio 996 $6245$aGli stratagemmi$9(OLS)http://semarc/title/458139 996 $6264$aMilano :$bSonzogno$9(OLS)http://semarc/publisher/31743